Regresný model vývozu v Slovenskej republike bakalárska práca

Guardado en:
Detalles Bibliográficos
Autor principal: Lepeyová, Dominika
Autor Corporativo: Fakulta hospodárskej informatiky EU. Katedra štatistiky
Otros Autores: Ďurka, Peter
Formato: Libro
Lenguaje:eslovaco
Publicado: Bratislava 2011
Etiquetas: Agregar Etiqueta
Sin Etiquetas, Sea el primero en etiquetar este registro!

MARC

LEADER 00000nam a2200000 4500
001 0152031
005 20240320072142.9
041 0 |a slo 
044 |a SK 
245 1 0 |a Regresný model vývozu v Slovenskej republike  |b bakalárska práca  |c Dominika Lepeyová ; školiteľ: Peter Ďurka 
264 1 |a Bratislava  |c 2011 
300 |a 44 s. 
100 1 |a Lepeyová, Dominika 
700 1 |a Ďurka, Peter 
710 2 |a Fakulta hospodárskej informatiky EU. Katedra štatistiky